000
00218nam a2200097Ia 4500
008
170619s9999 xx 000 0 und d
100
_a
Kumar- S
245
0
_a
Building Construction
260
_b
Standarrd Pub.
260
_c
2012
546
_a
ENGLISH
999
_c
21575
_d
21575